000 00365nam a2200133Ia 4500
008 231129s1995||||xx |||||||||||||| ||spa||
020 _a958-957-99-4-9
082 _aER- 341
100 _aHenao Restrepo Abelardo
245 0 _aVivencias
260 _c1995
264 _aPereira: Gráficas Olí­mpica 1995
942 _2ddc
_cBKS
999 _c26387
_d26387